[Event "CHI-chT"]
[Site "Santiago de Chile"]
[Date "2012.12.20"]
[Round "9"]
[White "Yanez Araya, Josefa"]
[Black "Alvarez, Jorge"]
[Result "1/2-1/2"]
[WhiteElo "1697"]
[BlackElo "2041"]
[PlyCount "105"]
[EventDate "2012.11.22"]
[EventType "team-tourn"]
[EventRounds "9"]
[EventCountry "CHI"]
[SourceTitle "EXT 2014"]
[Source "ChessBase"]
[SourceDate "2013.11.20"]
[SourceVersion "1"]
[SourceVersionDate "2013.11.20"]
[SourceQuality "1"]

1. e4 e5 2. Nf3 Nc6 3. d4 exd4 4. Nxd4 Nf6 5. Nc3 Bb4 6. Nxc6 bxc6 7. Bd3 d5 8. exd5 Qe7+ 9. Qe2 cxd5 10. Qxe7+ Kxe7 11. Bd2 c6 12. a3 Bd6 13. 0-0 h6 14. Rfe1+ Kd8 15. Ne2 a5 16. h3 c5 17. c3 a4 18. Rad1 Kc7 19. Bf4 Rd8 20. Bxd6+ Rxd6 21. Bc2 Bd7 22. Nf4 Re8 23. Nd3 Rxe1+ 24. Rxe1 Bf5 25. Rc1 Bxd3 26. Bxd3 Rb6 27. Rc2 c4 28. Be2 Re6 29. Bf3 Re1+ 30. Kh2 Kd6 31. Rd2 Ne4 32. Rd4 Ke5 33. Bxe4 Rxe4 34. Rd2 f5 35. f3 Re1 36. Kg3 f4+ 37. Kf2 Re3 38. h4 g5 39. hxg5 hxg5 40. Kf1 Kd6 41. Kf2 Kc5 42. Kf1 Rd3 43. Re2 Rd1+ 44. Re1 Rxe1+ 45. Kxe1 Kd6 46. Kf2 Ke5 47. Ke2 Kf6 48. Kf2 Ke6 49. g3 Ke5 50. gxf4+ gxf4 51. Ke2 Kf6 52. Kf2 Kf5 53. Ke1 1/2-1/2

[Event "Santiago Endesa 02"]
[Site "Santiago de Chile"]
[Date "2010.05.17"]
[Round "7"]
[White "Berti Contreras, Lorenginis Jesus"]
[Black "Alvarez, Jorge"]
[Result "1/2-1/2"]
[WhiteElo "2104"]
[BlackElo "2110"]
[PlyCount "97"]
[EventDate "2010.05.03"]
[EventType "tourn"]
[EventRounds "9"]
[EventCountry "CHI"]
[SourceTitle "EXT 2012"]
[Source "ChessBase"]
[SourceDate "2011.11.24"]
[SourceVersion "1"]
[SourceVersionDate "2011.11.24"]
[SourceQuality "1"]

1. e4 e5 2. Nf3 Nc6 3. d4 exd4 4. Nxd4 Nf6 5. Nxc6 bxc6 6. Bd3 d5 7. e5 Ne4 8. Bxe4 dxe4 9. Qxd8+ Kxd8 10. Nc3 Bb4 11. Bg5+ Ke8 12. Bd2 Bxc3 13. Bxc3 Be6 14. 0-0-0 Rd8 15. Ba5 Rd7 16. Rhe1 Bf5 17. Re3 Rxd1+ 18. Kxd1 Kd7 19. Ra3 Rb8 20. Bc3 Ra8 21. Ra6 c5 22. Ke2 Be6 23. Ke3 Bd5 24. b3 Bb7 25. Ra5 c4 26. bxc4 a6 27. Rc5 Re8 28. Ba5 Bc6 29. a3 Rb8 30. Bb4 Re8 31. f3 exf3 32. gxf3 f6 33. Bc3 fxe5 34. Bxe5 g6 35. h4 Rf8 36. Bf4 Re8+ 37. Kf2 Rf8 38. Kg3 Rf5 39. Rxf5 gxf5 40. h5 Ba4 41. c3 Bd1 42. Be5 c6 43. Kf4 Ke6 44. Bg7 Be2 45. Ke3 Bxc4 46. h6 Kd5 47. Bf8 Ke5 48. f4+ Kd5 49. Be7 1/2-1/2

[Event "Santiago Endesa 02"]
[Site "Santiago de Chile"]
[Date "2010.05.10"]
[Round "4"]
[White "Alvarez, Jorge"]
[Black "Von Dessauer Orellana, Daniel J"]
[Result "1/2-1/2"]
[WhiteElo "2110"]
[BlackElo "2028"]
[PlyCount "56"]
[EventDate "2010.05.03"]
[EventType "tourn"]
[EventRounds "9"]
[EventCountry "CHI"]
[SourceTitle "EXT 2012"]
[Source "ChessBase"]
[SourceDate "2011.11.24"]
[SourceVersion "1"]
[SourceVersionDate "2011.11.24"]
[SourceQuality "1"]

1. Nf3 Nf6 2. c4 g6 3. g3 Bg7 4. Bg2 0-0 5. Nc3 c6 6. 0-0 d5 7. cxd5 cxd5 8. d4 Nc6 9. Ne5 Nxe5 10. dxe5 Ng4 11. Qxd5 Nxe5 12. Bf4 Nc6 13. Rfd1 Be6 14. Qb5 Qb6 15. Be3 Qxb5 16. Nxb5 Bxb2 17. Rab1 Be5 18. Bxc6 bxc6 19. Nxa7 Bxa2 20. Rb7 Bd5 21. Rxe7 Bf6 22. Rc7 Be5 23. Re7 Rfe8 24. Rxe8+ Rxe8 25. Rc1 Re6 26. Nc8 Bc7 27. Kf1 Kf8 28. Nb6 Bxb6 1/2-1/2

[Event "Santiago Endesa 02"]
[Site "Santiago de Chile"]
[Date "2010.05.05"]
[Round "2"]
[White "Rosa Valenzuela, Fernando"]
[Black "Alvarez, Jorge"]
[Result "1-0"]
[WhiteElo "2109"]
[BlackElo "2110"]
[PlyCount "85"]
[EventDate "2010.05.03"]
[EventType "tourn"]
[EventRounds "9"]
[EventCountry "CHI"]
[SourceTitle "EXT 2012"]
[Source "ChessBase"]
[SourceDate "2011.11.24"]
[SourceVersion "1"]
[SourceVersionDate "2011.11.24"]
[SourceQuality "1"]

1. d4 Nf6 2. g3 e6 3. c4 d5 4. Bg2 Be7 5. Nf3 0-0 6. 0-0 c5 7. cxd5 exd5 8. Nc3 Nc6 9. h3 cxd4 10. Nxd4 Qb6 11. Nxc6 bxc6 12. Na4 Qa6 13. Be3 Bf5 14. Rc1 Rab8 15. a3 Rfe8 16. Re1 Ne4 17. Bd4 c5 18. Be5 Rbd8 19. e3 Qe6 20. Bf4 Bxh3 21. f3 Bxg2 22. Kxg2 Nf6 23. Nxc5 Bxc5 24. Rxc5 d4 25. e4 Qa2 26. Re2 Qe6 27. Re5 Qb6 28. Rxe8+ Nxe8 29. Rd2 d3 30. Rxd3 Qxb2+ 31. Qd2 Qxd2+ 32. Rxd2 Rxd2+ 33. Bxd2 Nd6 34. Bb4 Nc4 35. Kf2 f6 36. Ke2 Kf7 37. f4 Ke6 38. Kd3 Nb6 39. Kd4 h5 40. f5+ Kd7 41. Bf8 g5 42. fxg6 Ke8 43. Bd6 1-0

[Event "Santiago Endesa 02"]
[Site "Santiago de Chile"]
[Date "2009.03.16"]
[Round "1"]
[White "Von Dessauer Orellana, Daniel J"]
[Black "Alvarez, Jorge"]
[Result "1/2-1/2"]
[WhiteElo "2014"]
[BlackElo "2102"]
[PlyCount "73"]
[EventDate "2009.03.16"]
[EventType "tourn"]
[EventRounds "11"]
[EventCountry "CHI"]
[SourceTitle "EXT 2012"]
[Source "ChessBase"]
[SourceDate "2011.11.24"]
[SourceVersion "1"]
[SourceVersionDate "2011.11.24"]
[SourceQuality "1"]

1. d4 Nf6 2. c4 e6 3. Nc3 d5 4. Bg5 Be7 5. Nf3 Nbd7 6. e3 0-0 7. cxd5 exd5 8. Qc2 c5 9. dxc5 Nxc5 10. Rd1 Be6 11. Bxf6 Bxf6 12. Nxd5 Rc8 13. Nxf6+ Qxf6 14. Nd4 Nb3 15. Qb1 Nxd4 16. Rxd4 Rfd8 17. Rxd8+ Qxd8 18. f3 Qa5+ 19. Kf2 Bxa2 20. Qd3 Rd8 21. Qc3 Qxc3 22. bxc3 Rc8 23. Bd3 Rxc3 24. Be4 b5 25. Ra1 Be6 26. Rxa7 g6 27. Rb7 Rb3 28. f4 Rb2+ 29. Kf3 Bc4 30. Kg3 Re2 31. Kf3 Rd2 32. f5 gxf5 33. Rb8+ Kg7 34. Bxf5 Bf1 35. Bh3 Be2+ 36. Kg3 Bc4 37. Bg4 1/2-1/2

[Event "URU-chT qual Interior"]
[Site "San Jose"]
[Date "2002.02.11"]
[Round "5"]
[White "Escofet Fernandez, Jaime"]
[Black "Alvarez, Jorge"]
[Result "1-0"]
[WhiteElo "2311"]
[BlackElo "2096"]
[PlyCount "79"]
[EventDate "2002.02.??"]
[EventType "team"]
[EventRounds "3"]
[EventCountry "URU"]
[SourceTitle "EXT 2003"]
[Source "ChessBase"]
[SourceDate "2002.11.25"]
[SourceVersion "1"]
[SourceVersionDate "2002.11.25"]
[SourceQuality "1"]

1. e4 Nf6 2. e5 Nd5 3. d4 d6 4. Nf3 g6 5. Bc4 c6 6. 0-0 Bg7 7. Bb3 0-0 8. Re1 Bg4 9. h3 Bxf3 10. Qxf3 Nc7 11. Bg5 d5 12. c3 Ne6 13. Be3 Nd7 14. Nd2 Nb6 15. Qg3 Qd7 16. f4 f5 17. exf6 exf6 18. f5 gxf5 19. Bc2 f4 20. Bxf4 Nxf4 21. Qxf4 Rae8 22. Bf5 Qf7 23. Qh4 Rxe1+ 24. Rxe1 Re8 25. Qxh7+ Kf8 26. Qh4 Rxe1+ 27. Qxe1 Bh6 28. Nf3 Nc4 29. Nh4 Nd6 30. Qg3 Nxf5 31. Nxf5 Bc1 32. Qd6+ Kg8 33. Qg3+ Kf8 34. Qb8+ Qe8 35. Qd6+ Kg8 36. Qg3+ Bg5 37. h4 Qe6 38. Nh6+ Kh8 39. hxg5 fxg5 40. Ng4 1-0

[Event "Olot op"]
[Site "Olot"]
[Date "1994.??.??"]
[Round "?"]
[White "Sorroche Martin, Jose Maria"]
[Black "Alvarez, Jorge"]
[Result "1-0"]
[WhiteElo "2390"]
[BlackElo "2345"]
[PlyCount "101"]
[EventDate "1994.08.??"]
[EventType "swiss"]
[EventRounds "9"]
[EventCountry "ESP"]
[SourceTitle "EXT 1997"]
[Source "ChessBase"]
[SourceDate "1996.11.15"]
[SourceVersion "1"]
[SourceVersionDate "1996.11.15"]
[SourceQuality "1"]

1. c4 e5 2. Nc3 Nf6 3. g3 d5 4. cxd5 Nxd5 5. Bg2 Nb6 6. d3 Be7 7. Nf3 Nc6 8. 0-0 0-0 9. Bd2 Be6 10. Qc1 f6 11. Ne4 Qc8 12. Nc5 Bxc5 13. Qxc5 Bh3 14. b4 Bxg2 15. Kxg2 Rd8 16. Rab1 a6 17. Rfc1 Qe6 18. Qc2 Nd5 19. e4 Nb6 20. a4 Rac8 21. a5 Na8 22. b5 Nd4 23. Nxd4 Rxd4 24. Be3 Rdd8 25. Qc4 Kf7 26. Kf3 axb5 27. Rxb5 Rb8 28. Rcb1 b6 29. axb6 cxb6 30. Ra1 Qxc4 31. dxc4 Rdc8 32. Ra7+ Kg6 33. Rb4 h5 34. Ke2 Rc6 35. c5 b5 36. f4 Nc7 37. f5+ Kf7 38. h3 Kf8 39. Rb1 Na6 40. Rd1 Nxc5 41. Bxc5+ Rxc5 42. Rdd7 Rcc8 43. Rf7+ Kg8 44. Rxg7+ Kh8 45. Rh7+ Kg8 46. Rag7+ Kf8 47. Rg6 b4 48. Rxf6+ Kg8 49. Rxh5 b3 50. Rg5+ Kh7 51. Rfg6 1-0